[Event "1st Turkish League 2017"]
[Site "Konya"]
[Date "2017.07.20"]
[Round "5"]
[White "Koc, Ilkay"]
[Black "Annaberdiyev, Babageldi"]
[Result "0-1"]
[WhiteElo "2074"]
[BlackElo "2262"]
[Annotator "NA"]
[PlyCount "124"]
[EventType "team-tourn"]
[EventCountry "TUR"]
[SourceTitle "playchess.com"]
[Source "ChessBase"]
[SourceQuality "1"]
[TimeControl "5400+30"]

1. d4 {[%emt 0:00:30]} Nf6 {[%emt 0:01:00]} 2. c4 {[%emt 0:00:00]} g6 {[%emt 0:01:30]} 3. Nc3 {[%emt 0:00:00]} Bg7 {[%emt 0:00:00]} 4. Nf3 {[%emt 0:00:00]} O-O {[%emt 0:00:00]} 5. Bg5 {[%emt 0:00:00]} h6 {[%emt 0:01:30]} 6. Bh4 {[%emt 0:00:30]} c5 {[%emt 0:00:30]} 7. d5 {[%emt 0:00:00]} d6 {[%emt 0:00:30]} 8. e3 {[%emt 0:00:00]} a6 {[%emt 0:00:30]} 9. Be2 {[%emt 0:00:30] E61: King's Indian: Early deviations for White, including Smyslov System} (9. Nd2 e6 10. a4 exd5 11. cxd5 Nbd7 12. Be2 Re8 13. O-O Rb8 14. a5 Qc7 15. e4 g5 16. Bg3 Ne5 17. Qc2 Nfd7 18. Nd1 b6 19. axb6 Rxb6 20. Ra2 Nf8 21. Bh5 Rb4 {1-0 (58) Sokolov,I (2641)-Drazic,S (2535) Vrnjacka Banja 2010}) 9... g5 {[%emt 0:14:30]} 10. Bg3 {[%emt 0:00:30]} Nh5 {[%emt 0:00:30]} 11. Qc2 {[%emt 0:03:30]} Nxg3 {[%emt 0:00:30]} 12. hxg3 {[%emt 0:02:30]} f5 $146 {[%emt 0:00:30]} ({Predecessor:} 12... e5 13. Nd2 f5 14. g4 fxg4 15. Nde4 Bf5 16. O-O-O b5 17. cxb5 axb5 18. Bxb5 {0-1 (54) Meier,W (2207)-Ahman,L (2097) Dresden 2008}) 13. g4 {[%emt 0:05:30]} b5 {[%emt 0:02:30]} 14. gxf5 {[%emt 0:06:30]} Bxf5 {[%emt 0:01:30]} 15. Bd3 {[%emt 0:00:30]} Qd7 {[%emt 0:02:30]} 16. e4 {[%emt 0:03:30]} bxc4 {[%emt 0:01:30]} 17. Bxc4 {[%emt 0:00:30]} Bg6 {[%emt 0:00:00]} 18. Nh2 {[%emt 0:17:30]} Qb7 {[%emt 0:06:00]} 19. Ng4 {[%emt 0:07:30]} h5 {[%emt 0:00:30]} 20. Ne3 {[%emt 0:00:30]} Nd7 {[%emt 0:00:30]} 21. Be2 {[%emt 0:00:00]} g4 {[%emt 0:04:30]} 22. Nf5 {[%emt 0:03:00]} Bxf5 {[%emt 0:09:30]} 23. exf5 {[%emt 0:00:30]} Nf6 {[%emt 0:00:00]} 24. f3 {[%emt 0:04:30]} Rfb8 {[%emt 0:00:00]} 25. b3 {[%emt 0:15:30]} Qb4 {[%emt 0:00:30]} 26. Kf1 {[%emt 0:04:30]} Qf4 {[%emt 0:04:30]} 27. Re1 {[%emt 0:04:30]} Rb4 {[%emt 0:02:30]} 28. Qc1 {[%emt 0:01:30]} (28. Bd1 $1 $15) 28... Qxf5 $17 {[%emt 0:01:30]} 29. Qe3 {[%emt 0:03:39]} gxf3 {[%emt 0:08:30]} 30. gxf3 {[%emt 0:01:07]} Ng4 {[%emt 0:00:30]} 31. Qc1 {[%emt 0:02:28]} Bd4 {[%emt 0:00:30]} 32. Rg1 {[%emt 0:01:49]} Bxg1 {[%emt 0:01:30]} 33. Kxg1 {[%emt 0:00:01]} Nf6 {[%emt 0:00:30]} 34. Kf2 {[%emt 0:00:30]} Kf7 {[%emt 0:00:30]} 35. Bc4 {[%emt 0:02:16]} Rg8 {[%emt 0:01:30]} 36. Ne4 {[%emt 0:02:18]} Ng4+ {[%emt 0:00:30]} 37. Ke2 {[%emt 0:02:32]} Ne5 {[%emt 0:00:30]} 38. Qe3 {[%emt 0:02:02]} Rg2+ {[%emt 0:02:30]} 39. Kf1 {[%emt 0:01:06]} Rxa2 {[%emt 0:04:30]} 40. Be2 {[%emt 0:00:58]} Rxe4 {[%emt 0:01:30]} 41. Qxe4 {[%emt 0:00:32]} Qxe4 {[%emt 0:00:30]} 42. fxe4 {[%emt 0:00:30]} h4 {[%emt 0:00:30]} 43. Rc1 {[%emt 0:00:19]} Kf6 {[%emt 0:00:30]} 44. Rc3 {[%emt 0:00:30]} Kg5 {[%emt 0:00:00]} 45. Rh3 {[%emt 0:00:49]} a5 {[%emt 0:00:00]} 46. Rh2 {[%emt 0:01:33]} Rb2 {[%emt 0:01:30]} 47. Rf2 {[%emt 0:00:51]} Rb1+ {[%emt 0:00:00]} 48. Kg2 {[%emt 0:00:30]} Rxb3 {[%emt 0:00:00]} 49. Rf5+ {[%emt 0:00:00]} Kg6 {[%emt 0:00:30]} 50. Bh5+ {[%emt 0:00:28]} Kh6 {[%emt 0:00:30]} 51. Be8 {[%emt 0:00:30]} h3+ {[%emt 0:00:30]} 52. Kh1 {[%emt 0:00:00]} Ng4 {[%emt 0:00:00]} 53. Rh5+ {[%emt 0:00:00]} Kg7 {[%emt 0:00:00]} 54. Rg5+ {[%emt 0:00:29]} Kf8 {[%emt 0:00:00]} 55. Rxg4 {[%emt 0:00:00]} Kxe8 {[%emt 0:00:00]} 56. e5 {[%emt 0:00:00]} dxe5 {[%emt 0:00:30]} 57. Rc4 {[%emt 0:00:02]} Kd7 {[%emt 0:00:00]} 58. Rxc5 {[%emt 0:00:30]} a4 {[%emt 0:00:00]} 59. Ra5 {[%emt 0:00:30]} a3 {[%emt 0:00:00]} 60. Ra6 {[%emt 0:00:00]} e4 {[%emt 0:00:00]} 61. Kh2 {[%emt 0:00:49]} e3 {[%emt 0:00:30]} 62. Kg3 {[%emt 0:00:03]} h2 {[%emt 0:00:00]} 0-1

[Event "1st Turkish League 2017"]
[Site "Konya"]
[Date "2017.07.20"]
[Round "5"]
[White "Gunduz, Umut Erdem"]
[Black "Yerden, Huseyin Eren"]
[Result "0-1"]
[WhiteElo "2066"]
[BlackElo "1904"]
[Annotator "NA"]
[PlyCount "60"]
[EventType "team-tourn"]
[EventCountry "TUR"]
[SourceTitle "playchess.com"]
[Source "ChessBase"]
[SourceQuality "1"]
[TimeControl "5400+30"]

1. e4 {[%emt 0:00:30]} g6 {[%emt 0:01:00]} 2. d4 {[%emt 0:00:30]} Bg7 {[%emt 0:00:30]} 3. Nf3 {[%emt 0:00:00]} d6 {[%emt 0:00:30]} 4. Bc4 {[%emt 0:00:00]} c6 {[%emt 0:00:30]} 5. Bb3 {[%emt 0:00:30]} Nf6 {[%emt 0:02:30]} 6. Nc3 {[%emt 0:01:30]} b5 {[%emt 0:00:30]} 7. a3 {[%emt 0:00:30]} Ba6 {[%emt 0:01:30]} 8. Bf4 {[%emt 0:04:30]} O-O {[%emt 0:04:30]} 9. Qd2 {[%emt 0:02:30]} e6 {[%emt 0:06:30]} 10. Bg5 {[%emt 0:06:30]} Qc7 {[%emt 0:07:30]} 11. h4 {[%emt 0:13:30]} Nbd7 {[%emt 0:06:30] [#]} (11... c5 $14) 12. h5 $1 {[%emt 0:02:30]} c5 {[%emt 0:06:30]} 13. hxg6 {[%emt 0:00:30]} hxg6 {[%emt 0:01:30]} 14. Bh6 {[%emt 0:00:30]} Ng4 {[%emt 0:02:30]} 15. Bxg7 {[%emt 0:04:30]} Kxg7 $16 {[%emt 0:00:30]} 16. Qg5 {[%emt 0:04:30]} Rh8 {[%emt 0:01:30]} 17. Nh4 {[%emt 0:00:00]} Ndf6 {[%emt 0:04:30]} 18. f3 {[%emt 0:20:00]} cxd4 {[%emt 0:04:30]} 19. fxg4 {[%emt 0:00:30]} dxc3 {[%emt 0:00:30]} 20. Bxe6 {[%emt 0:02:30]} Qc5 {[%emt 0:06:30]} 21. Nf5+ {[%emt 0:15:38]} Qxf5 {[%emt 0:00:30]} 22. gxf5 {[%emt 0:00:20]} Rxh1+ {[%emt 0:00:30]} 23. Ke2 {[%emt 0:00:30]} b4+ {[%emt 0:00:30]} 24. Ke3 {[%emt 0:00:00]} Rxa1 {[%emt 0:00:30]} 25. Bxf7 {[%emt 0:01:26]} Re1+ {[%emt 0:00:30]} 26. Kf4 {[%emt 0:00:01]} Rxe4+ {[%emt 0:02:30]} 27. Kf3 {[%emt 0:00:37]} Rg4 {[%emt 0:00:30]} 28. Qe3 {[%emt 0:01:04]} Bb7+ {[%emt 0:00:30]} 29. Kf2 {[%emt 0:00:30]} Rxg2+ {[%emt 0:00:30]} 30. Kf1 {[%emt 0:00:30]} Rh8 {[%emt 0:00:00]} 0-1

[Event "1st Turkish League 2017"]
[Site "Konya"]
[Date "2017.07.20"]
[Round "5"]
[White "Gulbeyaz, Emir"]
[Black "Dedebas, Emre Emin"]
[Result "1-0"]
[WhiteElo "1952"]
[BlackElo "2322"]
[Annotator "ChessBase"]
[PlyCount "119"]
[EventType "team-tourn"]
[EventCountry "TUR"]
[SourceTitle "playchess.com"]
[Source "ChessBase"]
[SourceQuality "1"]
[TimeControl "5400+30"]

1. e4 {[%emt 0:00:30]} e5 {[%emt 0:01:00]} 2. Nf3 {[%emt 0:00:30]} Nc6 {[%emt 0:00:30]} 3. Bb5 {[%emt 0:00:30]} a6 {[%emt 0:00:00]} 4. Bxc6 {[%emt 0:02:30]} dxc6 {[%emt 0:00:00]} 5. d4 {[%emt 0:00:30]} exd4 {[%emt 0:00:30]} 6. Qxd4 {[%emt 0:00:00]} Qxd4 {[%emt 0:00:30]} 7. Nxd4 {[%emt 0:00:00]} Bd7 {[%emt 0:10:30]} 8. Nc3 {[%emt 0:00:00]} O-O-O {[%emt 0:00:30]} 9. Be3 {[%emt 0:00:00]} f6 {[%emt 0:09:30]} 10. O-O-O {[%emt 0:00:30]} h5 {[%emt 0:00:30]} 11. h4 {[%emt 0:01:30]} Nh6 {[%emt 0:02:30]} 12. f3 {[%emt 0:00:30]} Nf7 {[%emt 0:00:00]} 13. Nde2 {[%emt 0:14:30]} Ne5 {[%emt 0:09:00]} 14. b3 {[%emt 0:01:30]} g6 {[%emt 0:11:30]} 15. Rd2 {[%emt 0:08:30]} Bg7 {[%emt 0:05:30]} 16. Rhd1 {[%emt 0:00:30]} b6 {[%emt 0:03:30]} 17. Kb1 {[%emt 0:08:30]} Rhe8 {[%emt 0:03:30]} 18. Na4 {[%emt 0:02:30]} c5 {[%emt 0:00:30]} 19. Nac3 {[%emt 0:00:30]} Be6 {[%emt 0:11:30]} 20. Nf4 {[%emt 0:12:30]} Bf7 {[%emt 0:00:30]} 21. Rxd8+ {[%emt 0:02:30]} Rxd8 {[%emt 0:01:30]} 22. Rxd8+ {[%emt 0:00:30]} Kxd8 {[%emt 0:00:30]} 23. Ncd5 {[%emt 0:00:30]} g5 {[%emt 0:10:11]} 24. hxg5 {[%emt 0:01:30]} fxg5 {[%emt 0:00:03]} 25. Nd3 {[%emt 0:00:30]} g4 {[%emt 0:00:24]} 26. Bg5+ {[%emt 0:01:30]} Kd7 {[%emt 0:03:24]} 27. Nxe5+ {[%emt 0:14:30]} Bxe5 {[%emt 0:00:11]} 28. fxg4 {[%emt 0:07:19]} hxg4 {[%emt 0:01:16]} 29. Nf6+ {[%emt 0:00:22]} Ke6 {[%emt 0:06:01]} 30. Nxg4 {[%emt 0:00:30]} Bg3 {[%emt 0:00:00]} 31. Nh6 {[%emt 0:03:34]} Be8 {[%emt 0:01:32]} 32. Nf5 {[%emt 0:00:56]} Be5 {[%emt 0:00:11]} 33. Ne3 {[%emt 0:00:37]} Bg6 {[%emt 0:04:03]} 34. Nf5 {[%emt 0:00:12]} Bh2 {[%emt 0:06:07]} 35. Bd8 {[%emt 0:00:13]} Bxf5 {[%emt 0:00:38]} 36. exf5+ {[%emt 0:00:30]} Kxf5 {[%emt 0:00:00]} 37. Kc1 {[%emt 0:00:08]} Kg4 {[%emt 0:00:31]} 38. Kd2 {[%emt 0:03:08]} Bf4+ {[%emt 0:00:30]} 39. Kd3 {[%emt 0:00:30]} Kf5 {[%emt 0:00:00]} 40. Kc4 {[%emt 0:00:34]} Ke6 {[%emt 0:01:07]} 41. g4 {[%emt 0:00:54]} Kd7 {[%emt 0:00:28]} 42. Bf6 {[%emt 0:00:15]} Ke6 {[%emt 0:01:21]} 43. Bd8 {[%emt 0:00:30]} Kd7 {[%emt 0:00:30]} 44. Bh4 {[%emt 0:00:30]} Kc6 {[%emt 0:00:00]} 45. Bf6 {[%emt 0:00:00]} b5+ {[%emt 0:00:10]} 46. Kd3 {[%emt 0:00:21]} Kd5 {[%emt 0:00:30]} 47. c4+ {[%emt 0:00:00]} Ke6 {[%emt 0:00:00]} 48. Ke4 {[%emt 0:00:02]} Bg3 {[%emt 0:00:09]} 49. Bc3 {[%emt 0:00:37]} Bh4 {[%emt 0:00:46]} 50. Kf4 {[%emt 0:00:05]} b4 {[%emt 0:01:15]} 51. Bb2 {[%emt 0:00:06]} Bf2 {[%emt 0:00:38]} 52. Ke4 {[%emt 0:01:01]} Bh4 {[%emt 0:00:30]} 53. Bc1 c6 {[%emt 0:00:00]} 54. g5 {[%emt 0:01:45]} Be1 {[%emt 0:00:18]} 55. Be3 {[%emt 0:00:30]} Bh4 {[%emt 0:00:10]} 56. Kf4 {[%emt 0:00:00]} Be1 {[%emt 0:01:08]} 57. Bxc5 {[%emt 0:00:00]} Bd2+ {[%emt 0:00:12]} 58. Be3 {[%emt 0:00:28]} Be1 {[%emt 0:00:01]} 59. Ke4 {[%emt 0:00:04]} Bc3 {[%emt 0:00:30]} 60. Bd4 {[%emt 0:00:00]} 1-0

[Event "1st Turkish League 2017"]
[Site "Konya"]
[Date "2017.07.20"]
[Round "5"]
[White "Yilmaz, Ezgi"]
[Black "Temel, Burcu Melis"]
[Result "1/2-1/2"]
[WhiteElo "1836"]
[BlackElo "1846"]
[Annotator "NA"]
[PlyCount "148"]
[EventType "team-tourn"]
[EventCountry "TUR"]
[SourceTitle "playchess.com"]
[Source "ChessBase"]
[SourceQuality "1"]
[TimeControl "5400+30"]

1. e4 {[%emt 0:00:30]} c5 {[%emt 0:01:00]} 2. Nf3 {[%emt 0:00:30]} Nc6 {[%emt 0:00:30]} 3. d4 {[%emt 0:00:30]} cxd4 {[%emt 0:00:30]} 4. Nxd4 {[%emt 0:00:30]} Nf6 {[%emt 0:00:00]} 5. Nc3 {[%emt 0:00:00]} e6 {[%emt 0:00:00]} 6. g3 {[%emt 0:06:00]} Bb4 {[%emt 0:00:30]} 7. Bg2 {[%emt 0:01:30]} Qa5 {[%emt 0:02:30] B45: Sicilian Four Knights} (7... O-O 8. O-O d6 9. h3 a6 10. Nde2 Bc5 11. g4 Qc7 12. a4 b6 13. g5 Nd7 14. Nf4 Nde5 15. Nd3 Bb7 16. Nxc5 dxc5 {½-½ (23) Baklan,V (2656)-Krasenkow,M (2631) Koge 2014}) 8. Nde2 {[%emt 0:03:30]} d5 {[%emt 0:06:30]} 9. O-O {[%emt 0:03:30]} O-O {[%emt 0:02:30]} 10. exd5 {[%emt 0:06:30]} exd5 {[%emt 0:02:30]} 11. Bg5 $146 {[%emt 0:05:30]} ({Predecessor:} 11. Bd2 Qd8 12. Bg5 Be6 13. Nb5 Bg4 14. c3 Re8 15. Re1 {0-1 (24) Eggleston,T (2166)-Rudd,J (2268) Douglas 2005}) 11... Ne4 {[%emt 0:01:30]} 12. Nxe4 {[%emt 0:10:30]} dxe4 {[%emt 0:00:00]} 13. Be3 {[%emt 0:07:30]} Bg4 {[%emt 0:04:00]} 14. c3 {[%emt 0:14:30]} Be7 {[%emt 0:01:30]} 15. Bxe4 {[%emt 0:03:30]} Ne5 {[%emt 0:07:30]} 16. f3 {[%emt 0:03:30]} Bh3 {[%emt 0:01:30]} 17. Re1 {[%emt 0:06:30]} Rad8 {[%emt 0:18:30]} 18. Qc2 {[%emt 0:03:30]} Kh8 {[%emt 0:01:30]} 19. Nf4 {[%emt 0:02:29]} Bc8 {[%emt 0:03:30]} 20. Qf2 $16 {[%emt 0:05:02]} f5 {[%emt 0:08:30]} 21. Bc2 {[%emt 0:04:21]} b6 {[%emt 0:08:30]} 22. b4 {[%emt 0:01:21]} Qa6 {[%emt 0:01:30]} 23. a4 {[%emt 0:03:13]} Qb7 {[%emt 0:01:30]} 24. Kg2 {[%emt 0:01:08]} Bf6 {[%emt 0:08:59]} 25. h3 {[%emt 0:01:01]} Nc6 {[%emt 0:04:07]} 26. Ne2 {[%emt 0:00:33]} Qc7 {[%emt 0:03:05]} 27. Rad1 {[%emt 0:02:54]} Nxb4 {[%emt 0:04:22]} 28. cxb4 {[%emt 0:02:52]} Qxc2 {[%emt 0:00:04]} 29. Nd4 {[%emt 0:00:50]} Qxa4 {[%emt 0:01:09]} 30. b5 {[%emt 0:00:30]} Qc4 {[%emt 0:05:38]} 31. Rc1 {[%emt 0:00:34]} Qf7 {[%emt 0:00:26]} 32. Nc6 {[%emt 0:00:18]} Rd5 {[%emt 0:00:07]} 33. Rb1 {[%emt 0:00:43]} Re8 {[%emt 0:01:54]} 34. Qa2 {[%emt 0:00:30]} Be6 {[%emt 0:01:06]} 35. Qxa7 {[%emt 0:00:32]} Rd7 {[%emt 0:00:24]} 36. Qxb6 {[%emt 0:00:35]} Rb7 {[%emt 0:00:30]} 37. Qc5 {[%emt 0:00:01]} Bd7 {[%emt 0:00:29]} 38. Bf2 {[%emt 0:01:03]} h6 {[%emt 0:00:30]} 39. Ne5 {[%emt 0:00:33]} Bxe5 {[%emt 0:00:30]} 40. Rxe5 {[%emt 0:00:00]} Rc8 {[%emt 0:00:42]} 41. Qe3 {[%emt 0:00:27]} Qa2 {[%emt 0:00:23]} 42. Qd3 {[%emt 0:00:43]} Rc2 {[%emt 0:00:18]} 43. Rf1 {[%emt 0:00:29]} Qb2 {[%emt 0:00:23]} 44. Qd5 {[%emt 0:01:12]} Bxb5 {[%emt 0:00:36]} 45. Kg1 {[%emt 0:00:24]} Bc6 {[%emt 0:00:35]} 46. Qd8+ {[%emt 0:00:28]} Kh7 {[%emt 0:00:30]} 47. Rxf5 {[%emt 0:00:07]} Rd7 {[%emt 0:00:24]} 48. Qa5 {[%emt 0:00:31]} Rdd2 {[%emt 0:00:29]} 49. Qa7 {[%emt 0:00:24]} Rxf2 {[%emt 0:00:26]} 50. Rxf2 {[%emt 0:00:35]} Rxf2 {[%emt 0:00:02]} 51. Qxf2 {[%emt 0:00:37]} Qb1+ {[%emt 0:00:01]} 52. Kg2 {[%emt 0:00:40]} Qxf5 {[%emt 0:00:30]} 53. g4 {[%emt 0:00:30]} Qd3 {[%emt 0:00:00]} 54. Kg3 {[%emt 0:00:18]} Bb7 {[%emt 0:00:11]} 55. h4 {[%emt 0:00:27]} g5 {[%emt 0:02:17]} 56. hxg5 {[%emt 0:00:29]} hxg5 {[%emt 0:00:00]} 57. Qh2+ {[%emt 0:00:37]} Kg8 {[%emt 0:00:14]} 58. Qf2 {[%emt 0:00:14]} Qd5 {[%emt 0:00:31]} 59. Qe3 {[%emt 0:01:00]} Kf7 {[%emt 0:00:37]} 60. Qc3 {[%emt 0:00:24]} Bc6 {[%emt 0:00:30]} 61. Qe3 {[%emt 0:00:05]} Kf8 {[%emt 0:01:30]} 62. Qa3+ {[%emt 0:00:30]} Kg8 {[%emt 0:00:00]} 63. Qe3 {[%emt 0:00:27]} Kf7 {[%emt 0:00:38]} 64. Qa7+ {[%emt 0:00:29]} Bb7 {[%emt 0:00:30]} 65. Qe3 {[%emt 0:00:22]} Bc6 {[%emt 0:00:47]} 66. Qa7+ {[%emt 0:00:06]} Bb7 {[%emt 0:00:30]} 67. Qe3 {[%emt 0:00:01]} Kg8 {[%emt 0:00:35]} 68. Qe8+ {[%emt 0:01:12]} Kg7 {[%emt 0:00:00]} 69. Qe7+ {[%emt 0:00:27]} Kg6 {[%emt 0:00:13]} 70. Qe8+ {[%emt 0:00:41]} Qf7 {[%emt 0:00:01]} 71. Qxf7+ {[%emt 0:00:26]} Kxf7 {[%emt 0:00:30]} 72. f4 {[%emt 0:00:00]} gxf4+ {[%emt 0:00:00]} 73. Kxf4 {[%emt 0:00:00]} Kg6 {[%emt 0:00:17]} 74. g5 {[%emt 0:00:00]} Bc8 {[%emt 0:00:00]} 1/2-1/2

[Event "1st Turkish League 2017"]
[Site "Konya"]
[Date "2017.07.20"]
[Round "5"]
[White "Erece, Ece Alkim"]
[Black "Yorgun, Yaren Naz"]
[Result "1-0"]
[WhiteElo "1829"]
[BlackElo "1733"]
[Annotator "NA"]
[PlyCount "99"]
[EventType "team-tourn"]
[EventCountry "TUR"]
[SourceTitle "playchess.com"]
[Source "ChessBase"]
[SourceQuality "1"]
[TimeControl "5400+30"]

1. e4 {[%emt 0:00:30]} c5 {[%emt 0:01:00]} 2. Nf3 {[%emt 0:00:30]} g6 {[%emt 0:00:00]} 3. d4 {[%emt 0:00:00]} cxd4 {[%emt 0:00:00]} 4. Nxd4 {[%emt 0:00:00]} Bg7 {[%emt 0:00:30]} 5. c4 {[%emt 0:00:30]} Nc6 {[%emt 0:00:00]} 6. Be3 {[%emt 0:00:00]} Nf6 {[%emt 0:00:00]} 7. Nc3 {[%emt 0:00:00]} O-O {[%emt 0:01:30]} 8. Be2 {[%emt 0:00:00]} d6 {[%emt 0:00:00]} 9. O-O {[%emt 0:00:00]} Bd7 {[%emt 0:01:00]} 10. Qd2 {[%emt 0:00:30]} Nxd4 {[%emt 0:01:30]} 11. Bxd4 {[%emt 0:00:30]} Bc6 {[%emt 0:00:30]} 12. Bd3 {[%emt 0:00:30]} Nd7 {[%emt 0:02:30] B38: Sicilian: Maroczy Bind with 5...Bg7 and 7...0-0} (12... a5 13. Rae1 a4 14. Nd5 e6 15. Nb4 Bd7 16. Rd1 Qe7 17. Rfe1 Rfc8 18. Bf1 e5 19. Bb6 Be6 20. b3 axb3 21. axb3 {½-½ (36) Wojtaszek,R (2727)-Mamedov,R (2650) Huaian 2016}) 13. Bxg7 {[%emt 0:00:30]} Kxg7 {[%emt 0:00:00]} 14. b4 {[%emt 0:00:30]} b6 {[%emt 0:05:00]} 15. Rae1 {[%emt 0:04:30]} Rc8 $146 {[%emt 0:07:30]} ({Predecessor:} 15... a5 16. a3 axb4 17. axb4 Kg8 18. Re3 Qc7 19. Rh3 b5 20. Qh6 {½-½ (41) Seres,L (2424)-Szabo,Z (2449) Balatonlelle 2005}) 16. Re3 {[%emt 0:02:30]} Rh8 {[%emt 0:08:30]} 17. Rh3 {[%emt 0:03:30]} h6 {[%emt 0:00:30]} 18. f4 {[%emt 0:06:30]} Nf6 {[%emt 0:05:30]} 19. Qe2 {[%emt 0:11:30]} (19. Re3 $16) 19... Bd7 $16 {[%emt 0:05:30]} 20. Rg3 {[%emt 0:00:30]} Bg4 {[%emt 0:13:30]} 21. Rxg4 {[%emt 0:04:30]} Nxg4 {[%emt 0:00:30]} 22. Qxg4 {[%emt 0:00:30]} b5 {[%emt 0:00:30]} 23. f5 {[%emt 0:32:30]} bxc4 {[%emt 0:08:30]} 24. fxg6 {[%emt 0:01:30]} fxg6 {[%emt 0:01:30]} 25. Qe6 {[%emt 0:02:30]} Rf8 {[%emt 0:00:30]} 26. Rxf8 {[%emt 0:00:30]} Qxf8 {[%emt 0:00:00]} 27. Bxc4 {[%emt 0:01:30]} a6 {[%emt 0:08:00]} 28. Ne2 {[%emt 0:02:30]} Rb8 {[%emt 0:06:30]} 29. a3 {[%emt 0:00:30]} Qf6 {[%emt 0:02:30]} 30. Qxf6+ {[%emt 0:01:30]} Kxf6 {[%emt 0:00:30]} 31. Kf2 {[%emt 0:00:30]} Ke5 {[%emt 0:01:30]} 32. Ke3 {[%emt 0:01:30]} Rb6 {[%emt 0:01:30]} 33. Nf4 {[%emt 0:01:30]} Rc6 {[%emt 0:00:30]} 34. Nd3+ {[%emt 0:00:30]} Kf6 {[%emt 0:00:30]} 35. Kd4 {[%emt 0:00:00]} e6 {[%emt 0:00:33]} 36. a4 {[%emt 0:01:00]} g5 {[%emt 0:00:54]} 37. b5 {[%emt 0:01:30]} axb5 {[%emt 0:00:20]} 38. axb5 {[%emt 0:01:30]} Rb6 {[%emt 0:00:45]} 39. Nb2 {[%emt 0:00:30]} d5 {[%emt 0:00:55]} 40. exd5 {[%emt 0:00:30]} exd5 {[%emt 0:00:30]} 41. Kxd5 {[%emt 0:00:30]} Kf5 {[%emt 0:00:00]} 42. Na4 {[%emt 0:00:30]} Rb8 {[%emt 0:03:00]} 43. b6 {[%emt 0:00:30]} Kg4 {[%emt 0:01:24]} 44. Kc6 {[%emt 0:00:30]} h5 {[%emt 0:00:30]} 45. Kc7 {[%emt 0:00:36]} Rxb6 {[%emt 0:00:30]} 46. Nxb6 {[%emt 0:00:30]} h4 {[%emt 0:00:00]} 47. Kd6 {[%emt 0:00:24]} Kf4 {[%emt 0:00:23]} 48. Be6 {[%emt 0:01:19]} g4 {[%emt 0:00:30]} 49. Nd5+ {[%emt 0:00:00]} Kg5 {[%emt 0:00:47]} 50. Ke5 {[%emt 0:00:11]} 1-0

[Event "1st Turkish League 2017"]
[Site "Konya"]
[Date "2017.07.20"]
[Round "5"]
[White "Ozturk, Yavuz"]
[Black "Salepci, Osman Firat"]
[Result "0-1"]
[WhiteElo "1699"]
[BlackElo "2093"]
[Annotator "NA"]
[PlyCount "100"]
[EventType "team-tourn"]
[EventCountry "TUR"]
[SourceTitle "playchess.com"]
[Source "ChessBase"]
[SourceQuality "1"]
[TimeControl "5400+30"]

1. e4 {[%emt 0:00:30]} c5 {[%emt 0:01:00]} 2. Nf3 {[%emt 0:00:30]} e6 {[%emt 0:00:00]} 3. d4 {[%emt 0:00:30]} cxd4 {[%emt 0:00:00]} 4. Nxd4 {[%emt 0:00:30]} Nf6 {[%emt 0:00:30]} 5. Bd3 {[%emt 0:02:30]} Nc6 {[%emt 0:01:30]} 6. Be3 {[%emt 0:04:30]} d6 {[%emt 0:04:30]} 7. Nc3 {[%emt 0:14:30]} Be7 {[%emt 0:01:30]} 8. O-O {[%emt 0:02:30]} Bd7 {[%emt 0:11:30]} 9. Nb3 {[%emt 0:22:30]} Ne5 {[%emt 0:33:30]} 10. Be2 {[%emt 0:09:30]} Bc6 {[%emt 0:02:30]} 11. f4 {[%emt 0:05:30]} Ned7 {[%emt 0:00:30]} 12. Bf3 {[%emt 0:01:30]} e5 {[%emt 0:11:30]} 13. f5 {[%emt 0:04:30]} Nb6 {[%emt 0:04:30]} 14. Qe2 $11 {[%emt 0:07:30]} Qc7 {[%emt 0:04:30]} 15. Rfd1 {[%emt 0:03:11]} O-O {[%emt 0:07:33]} 16. Rac1 {[%emt 0:04:38]} Rfd8 {[%emt 0:00:20]} 17. Na5 {[%emt 0:04:01]} d5 {[%emt 0:01:52]} 18. exd5 {[%emt 0:01:47]} Nbxd5 {[%emt 0:02:59]} 19. Nxc6 {[%emt 0:04:00]} bxc6 {[%emt 0:00:02]} 20. Ne4 {[%emt 0:01:09]} Nxe3 {[%emt 0:02:39]} 21. Qxe3 {[%emt 0:00:11]} Nd5 {[%emt 0:00:37]} 22. Qf2 {[%emt 0:01:20]} Rab8 {[%emt 0:00:20]} 23. c4 {[%emt 0:00:36]} Nb4 {[%emt 0:00:21]} 24. Rxd8+ {[%emt 0:00:46]} Rxd8 {[%emt 0:00:16]} 25. Rd1 {[%emt 0:01:32]} Nd3 {[%emt 0:04:31]} 26. Qe2 {[%emt 0:01:27]} Qb6+ {[%emt 0:00:25]} 27. c5 {[%emt 0:00:04]} Nxc5 {[%emt 0:01:34]} 28. Rxd8+ {[%emt 0:00:27]} Bxd8 {[%emt 0:00:04]} 29. Nxc5 {[%emt 0:00:31]} Qxc5+ {[%emt 0:00:02]} 30. Kf1 {[%emt 0:00:41]} Bb6 {[%emt 0:00:40]} 31. Ke1 {[%emt 0:01:42]} Qc1+ {[%emt 0:00:30]} 32. Qd1 {[%emt 0:00:00]} Qxb2 {[%emt 0:00:11]} 33. Qb3 {[%emt 0:00:22]} Qf2+ {[%emt 0:02:00]} 34. Kd1 {[%emt 0:00:04]} Qd4+ {[%emt 0:00:22]} 35. Kc2 {[%emt 0:01:39]} e4 {[%emt 0:00:30]} 36. Bh5 {[%emt 0:00:11]} g6 {[%emt 0:00:19]} 37. fxg6 {[%emt 0:00:30]} hxg6 {[%emt 0:00:00]} 38. Be2 {[%emt 0:00:28]} Qf2 {[%emt 0:00:34]} 39. Qc4 {[%emt 0:00:30]} Qxg2 {[%emt 0:00:03]} 40. h4 {[%emt 0:00:36]} e3 {[%emt 0:02:25]} 41. h5 {[%emt 0:00:30]} gxh5 {[%emt 0:00:00]} 42. Kb3 {[%emt 0:00:40]} Qd5 {[%emt 0:00:02]} 43. Qxd5 {[%emt 0:00:13]} cxd5 {[%emt 0:00:03]} 44. Bxh5 {[%emt 0:00:12]} Kg7 {[%emt 0:01:25]} 45. Bf3 {[%emt 0:00:30]} d4 {[%emt 0:00:01]} 46. Kc4 {[%emt 0:00:01]} Kf6 {[%emt 0:00:30]} 47. a4 {[%emt 0:00:26]} Ke5 {[%emt 0:00:05]} 48. Kd3 {[%emt 0:00:31]} f5 {[%emt 0:00:39]} 49. Bh1 {[%emt 0:01:22]} Kf4 {[%emt 0:00:30]} 50. Ke2 {[%emt 0:00:03]} Kg3 {[%emt 0:00:02]} 0-1